| 000 | 00603nam a2200229Ia 4500 | ||
|---|---|---|---|
| 003 | OSt | ||
| 005 | 20220928110106.0 | ||
| 006 | a|||||r|||| 00| 0 | ||
| 007 | ta | ||
| 008 | 220927b |||||||| |||| 00| 0 eng d | ||
| 024 | _a61470 | ||
| 037 | _cTextual | ||
| 040 |
_aSDCL _cSDCL _beng |
||
| 041 |
_2eng _aeng |
||
| 082 | _aO152,1M89, 1:g | ||
| 100 |
_aTiwari Ramashanker _9418092 |
||
| 245 | 0 | _akamayeni prena aur paripak. | |
| 260 |
_aKanpur _bGrenthm _c1973 |
||
| 300 |
_a430p _ccm. |
||
| 942 |
_hO152,1M89, 1:g _cTEXL _2CC |
||
| 999 |
_c734093 _d734093 |
||